Football par lettre - C - Statistiques

Statistiques générales
  • Ce quiz a été pris 940 fois
  • Le résultat moyen est 9 sur 12
Statistiques - réponses
Indices Solutions % Correct
Club anglais surnommé "les Blues" Chelsea
97%
Vainqueur de 5 ballons d'or Cristiano Ronaldo
93%
Un des meilleurs gardien du monde moqué par la France suite à son "seum" Courtois
92%
Joueur révolutionnaire du football total, capitaine de l'Ajax et des Pays-Bas. Son maillot était floqué du numéro 14 Cruyff / Cruijff
89%
Les Lions Indomptables Cameroun
85%
Club français jouant sa première saison en Ligue 1 de son histoire lors de la saison 2021-2022 Clermont
82%
Capitaine de la sélection italienne lors du sacre de 2006 Cannavaro
80%
Surnommé le King par les supporter de Manchester United Cantona
77%
Sélection surnommée "l'équipe du dragon" Chine
74%
Actuel numéro 2 du Real Madrid (saison 2021-2022) Carvajal
69%
Considéré comme le meilleur arbitre de l'histoire Collina
58%
Principal club basé en Sardaigne Cagliari
49%
Aucun quiz correspondant
Distribution des résultats
% des personnes avec chaque résultat
Percentile par nombre de réponses
Votre historique - résultats
Vous n’avez pas pris ce quiz